Statistics for Countries that Start with L

Click here to take the quiz!

General Stats

  • This quiz has been taken 306,803 times
    (306,412 since last reset)
  • The average score is 7 of 9

Answer Stats

Country % Correct
Lithuania
87%
Latvia
86%
Lebanon
83%
Laos
81%
Libya
80%
Luxembourg
77%
Liberia
77%
Liechtenstein
77%
Lesotho
67%

Score Distribution

Percentile by Number Answered

Percent of People with Each Score

Your Score History

You have not taken this quiz since the last reset